[Event "American Continental 08th"]
[Site "Mar del Plata"]
[Date "2012.10.14"]
[Round "3"]
[White "Espinoza Palomino, Willyam"]
[Black "Evans, Pablo"]
[Result "1-0"]
[WhiteElo "2265"]
[BlackElo "2017"]
[PlyCount "70"]
[EventDate "2012.10.12"]
[EventType "swiss"]
[EventRounds "11"]
[EventCountry "ARG"]
[SourceTitle "EXT 2013"]
[Source "ChessBase"]
[SourceDate "2012.11.22"]
[SourceVersion "1"]
[SourceVersionDate "2012.11.22"]
[SourceQuality "1"]

1. e4 b6 2. d4 Bb7 3. Nc3 e6 4. a3 Nf6 5. Bd3 d6 6. Nf3 Nbd7 7. Qe2 e5 8. Bg5 Be7 9. Rd1 h6 10. Bc1 0-0 11. dxe5 dxe5 12. 0-0 Re8 13. Bc4 Bd6 14. Nh4 Nc5 15. f3 Ne6 16. Nf5 Nd4 17. Nxd4 exd4 18. Nb5 Bc5 19. Qd3 Nd7 20. b4 Ne5 21. Qb3 a6 22. bxc5 axb5 23. Bxb5 Re6 24. Be2 Ra7 25. f4 Nc6 26. cxb6 cxb6 27. Bf3 Na5 28. Qb4 Bc6 29. Rfe1 Nc4 30. e5 Qh4 31. Rxd4 Rc7 32. g3 Rg6 33. Bg2 Qe7 34. Qxe7 Rxe7 35. Rd8+ Kh7 1-0

[Event "American Continental 08th"]
[Site "Mar del Plata"]
[Date "2012.10.12"]
[Round "1"]
[White "Diaz Hollemaert, Nahuel Carlos"]
[Black "Evans, Pablo"]
[Result "1-0"]
[WhiteElo "2408"]
[BlackElo "2017"]
[PlyCount "51"]
[EventDate "2012.10.12"]
[EventType "swiss"]
[EventRounds "11"]
[EventCountry "ARG"]
[SourceTitle "EXT 2013"]
[Source "ChessBase"]
[SourceDate "2012.11.22"]
[SourceVersion "1"]
[SourceVersionDate "2012.11.22"]
[SourceQuality "1"]

1. c4 Nf6 2. Nc3 b6 3. e4 e5 4. f4 Bb7 5. d3 h5 6. fxe5 Ng4 7. Nf3 Be7 8. Bf4 g5 9. Bd2 c5 10. h3 Nh6 11. Nd5 Bxd5 12. cxd5 d6 13. Qa4+ Kf8 14. Bc3 g4 15. hxg4 Nxg4 16. exd6 Qxd6 17. Bxh8 Qg3+ 18. Kd2 Qf2+ 19. Be2 Qe3+ 20. Kc3 a6 21. Rae1 b5 22. Qa5 Nf2 23. Rxh5 Nxe4+ 24. Kc2 Ng3 25. Re5 Qh6 26. Qc7 1-0

[Event "Mar del Plata op 42nd"]
[Site "Mar del Plata"]
[Date "2011.04.17"]
[Round "3"]
[White "Evans, Pablo"]
[Black "Trois, Francisco R Torres"]
[Result "1/2-1/2"]
[WhiteElo "2040"]
[BlackElo "2303"]
[PlyCount "79"]
[EventDate "2011.04.16"]
[EventType "swiss"]
[EventRounds "9"]
[EventCountry "ARG"]
[SourceTitle "EXT 2012"]
[Source "ChessBase"]
[SourceDate "2011.11.24"]
[SourceVersion "1"]
[SourceVersionDate "2011.11.24"]
[SourceQuality "1"]

1. e4 c6 2. d4 g6 3. Nc3 Bg7 4. f4 d5 5. e5 h5 6. Nf3 Bg4 7. h3 Bxf3 8. Qxf3 e6 9. Be3 h4 10. 0-0-0 Nh6 11. Bd3 Nf5 12. Bf2 Nd7 13. Kb1 Bf8 14. Qg4 Be7 15. Bxf5 exf5 16. Qf3 Nf8 17. Ne2 Ne6 18. Rd3 Qd7 19. Rb3 0-0-0 20. Rd1 Kb8 21. Qd3 Ka8 22. Be1 c5 23. Qf3 c4 24. Re3 Qc6 25. a3 Qb6 26. Bb4 Bxb4 27. axb4 Qxb4 28. Ra3 Rd7 29. Nc3 Rhd8 30. Qf2 Rh8 31. Qe3 Nc7 32. Na4 b6 33. Ka2 Kb8 34. Nc3 Rhd8 35. Ra1 b5 36. Kb1 a6 37. Qf2 Qe7 38. Ra5 Kb7 39. Qd2 Ra8 40. Ne2 1/2-1/2

[Event "Mar del Plata op 40th"]
[Site "Mar del Plata"]
[Date "2009.04.10"]
[Round "7"]
[White "Evans, Pablo"]
[Black "Mavrich, Demian"]
[Result "0-1"]
[WhiteElo "2070"]
[BlackElo "2217"]
[PlyCount "106"]
[EventDate "2009.04.05"]
[EventType "swiss"]
[EventRounds "9"]
[EventCountry "ARG"]
[SourceTitle "CBM 129 Extra"]
[Source "ChessBase"]
[SourceDate "2009.05.05"]
[SourceVersion "2"]
[SourceVersionDate "2009.05.20"]
[SourceQuality "1"]

1. e4 c5 2. b3 d6 3. Bb2 Nf6 4. d3 e6 5. g3 Be7 6. Bg2 Nc6 7. Ne2 Qc7 8. 0-0 0-0 9. Nd2 d5 10. exd5 exd5 11. Nf4 d4 12. h3 Bd7 13. Rc1 Rad8 14. Re1 Rfe8 15. a4 Bd6 16. Rxe8+ Rxe8 17. Nh5 Nxh5 18. Qxh5 Re5 19. Qf3 Nd8 20. Nc4 Bc6 21. Qg4 f5 22. Qh4 Re6 23. Nxd6 Qxd6 24. Rf1 Bxg2 25. Kxg2 Nc6 26. Bc1 Nb4 27. Qg5 Qd5+ 28. Kg1 Nxc2 29. Bd2 h6 30. Qf4 Re2 31. h4 Ne3 32. Bxe3 dxe3 33. Qc4 Qxc4 34. bxc4 exf2+ 35. Kg2 Rd2 36. Rb1 b6 37. a5 Rxd3 38. axb6 axb6 39. Rc1 Kf7 40. Kxf2 Rd4 41. Kf3 g5 42. hxg5 hxg5 43. Rb1 Rxc4 44. Rxb6 Rc3+ 45. Kf2 c4 46. Rc6 Kg7 47. Kg2 Rc1 48. Kf2 c3 49. Kg2 c2 50. Kh2 f4 51. Rc5 f3 52. g4 f2 53. Rc7+ Kf8 0-1

[Event "Mar del Plata op 37th"]
[Site "Mar del Plata"]
[Date "2006.04.10"]
[Round "4"]
[White "Evans, Pablo"]
[Black "Roman, Facundo"]
[Result "0-1"]
[WhiteElo "2056"]
[BlackElo "2319"]
[PlyCount "98"]
[EventDate "2006.04.08"]
[EventType "swiss"]
[EventRounds "9"]
[EventCountry "ARG"]
[SourceTitle "CBM 111 Extra"]
[Source "ChessBase"]
[SourceDate "2006.05.09"]
[SourceVersion "1"]
[SourceVersionDate "2006.05.09"]
[SourceQuality "1"]

1. e4 c5 2. b3 d6 3. Bb2 e5 4. Nc3 Nc6 5. Bb5 Nge7 6. Nge2 g6 7. Nd5 Bg7 8. 0-0 0-0 9. Nec3 a6 10. Nxe7+ Nxe7 11. Be2 f5 12. d3 Be6 13. Bf3 d5 14. exd5 Nxd5 15. Nxd5 Bxd5 16. Bxd5+ Qxd5 17. Qe1 Rfe8 18. Rd1 Qc6 19. Qc3 b5 20. Rfe1 Ra7 21. Qd2 Qd5 22. f4 Rae7 23. fxe5 Bxe5 24. Bxe5 Rxe5 25. Qf2 Qd4 26. Kf1 Kf7 27. Qxd4 cxd4 28. Rxe5 Rxe5 29. Kf2 b4 30. Ra1 Rc5 31. Rc1 Ra5 32. Ra1 Kf6 33. Ke2 g5 34. Kd2 Ra3 35. Kc1 h5 36. Kb2 Ra5 37. Kc1 f4 38. Kd2 Kf5 39. Ke2 g4 40. Kf2 h4 41. Kf1 Re5 42. a4 f3 43. Rc1 Re2 44. gxf3 gxf3 45. Kg1 Kf4 46. a5 Rg2+ 47. Kh1 h3 48. Re1 Re2 49. Rf1 f2 0-1

[Event "American Continental 03rd"]
[Site "Buenos Aires"]
[Date "2005.08.12"]
[Round "7"]
[White "Bustamante, Oscar"]
[Black "Evans, Pablo"]
[Result "0-1"]
[WhiteElo "2141"]
[BlackElo "2058"]
[PlyCount "60"]
[EventDate "2005.08.06"]
[EventType "swiss"]
[EventRounds "11"]
[EventCountry "ARG"]
[SourceTitle "CBM 107 Extra"]
[Source "ChessBase"]
[SourceDate "2005.09.01"]
[SourceVersion "1"]
[SourceVersionDate "2005.09.01"]
[SourceQuality "1"]

1. e4 b6 2. d4 Bb7 3. Nc3 e6 4. Bd3 Bb4 5. Nge2 Nf6 6. 0-0 d6 7. Ng3 Bxc3 8. bxc3 h5 9. Bg5 Qd7 10. Bxf6 gxf6 11. Nxh5 Qe7 12. g3 Nc6 13. d5 Ne5 14. Be2 0-0-0 15. f4 Nd7 16. Rf2 Rh6 17. c4 Nc5 18. Bf3 Rdh8 19. g4 f5 20. exf5 exf5 21. g5 Rxh5 22. Bxh5 Ne4 23. Rg2 Ba6 24. Bf3 Rh4 25. Bxe4 Qxe4 26. Qd3 Qxc4 27. Qxf5+ Kb7 28. Rf2 Qd4 29. c3 Qe3 30. Qd7 Rxf4 0-1

[Event "American Continental 03rd"]
[Site "Buenos Aires"]
[Date "2005.08.08"]
[Round "3"]
[White "Evans, Pablo"]
[Black "Alza, Agustin"]
[Result "0-1"]
[WhiteElo "2058"]
[BlackElo "2167"]
[PlyCount "94"]
[EventDate "2005.08.06"]
[EventType "swiss"]
[EventRounds "11"]
[EventCountry "ARG"]
[SourceTitle "CBM 107 Extra"]
[Source "ChessBase"]
[SourceDate "2005.09.01"]
[SourceVersion "1"]
[SourceVersionDate "2005.09.01"]
[SourceQuality "1"]

1. e4 c5 2. Nf3 e6 3. b3 Nf6 4. e5 Nd5 5. c4 Ne7 6. Bb2 Nbc6 7. Nc3 Ng6 8. Ne4 Qc7 9. Be2 Be7 10. 0-0 0-0 11. Qe1 Ncxe5 12. Nxe5 Nxe5 13. f4 Ng6 14. f5 exf5 15. Ng3 f4 16. Nf5 d5 17. Nxe7+ Qxe7 18. cxd5 Qd6 19. h4 Re8 20. Qf2 Bf5 21. h5 Nf8 22. Bb5 Bd7 23. Bxd7 Nxd7 24. Qf3 Rad8 25. Rac1 b6 26. Rc4 Ne5 27. Qc3 f3 28. Re4 f6 29. h6 Qxd5 30. Rh4 Qxd2 31. Qxd2 Rxd2 32. Bxe5 Rxg2+ 33. Kh1 Rxe5 34. hxg7 Rxa2 35. Rg4 Rh5+ 36. Kg1 Rg2+ 37. Rxg2 fxg2 38. Rxf6 Kxg7 39. Rf3 Rg5 40. Rd3 h5 41. Rd7+ Kg6 42. Rxa7 h4 43. Re7 h3 44. Re1 Kh5 45. Rc1 Kh4 46. Re1 Rf5 47. Re4+ Kg3 0-1

[Event "American Continental 03rd"]
[Site "Buenos Aires"]
[Date "2005.08.06"]
[Round "1"]
[White "Evans, Pablo"]
[Black "Fierro Baquero, Martha Lorena"]
[Result "0-1"]
[WhiteElo "2058"]
[BlackElo "2340"]
[PlyCount "74"]
[EventDate "2005.08.06"]
[EventType "swiss"]
[EventRounds "11"]
[EventCountry "ARG"]
[SourceTitle "CBM 107 Extra"]
[Source "ChessBase"]
[SourceDate "2005.09.01"]
[SourceVersion "1"]
[SourceVersionDate "2005.09.01"]
[SourceQuality "1"]

1. e4 d5 2. exd5 Qxd5 3. Qf3 Nf6 4. Nc3 Qa5 5. h3 Nc6 6. Bb5 Bd7 7. Nge2 0-0-0 8. 0-0 Nb4 9. Nd4 Qb6 10. a3 e5 11. axb4 exd4 12. Ra6 Bg4 13. hxg4 bxa6 14. Qa8+ Qb8 15. Bxa6+ Kd7 16. Bb5+ Qxb5 17. Qxd8+ Kxd8 18. Nxb5 d3 19. cxd3 Bxb4 20. Nxa7 Kd7 21. g5 Nd5 22. Nb5 Nf4 23. b3 Rb8 24. Nd4 Bc5 25. Nc2 Rxb3 26. d4 Bd6 27. g3 Nd3 28. Kg2 Ke6 29. Rh1 Rb1 30. Ba3 Rxh1 31. Kxh1 Bxa3 32. Nxa3 Nxf2+ 33. Kg2 Ne4 34. Nc4 Kd5 35. Ne5 Nxg5 36. Kf2 c5 37. Ng4 Kxd4 0-1

[Event "Rosario Mayor op"]
[Site "Rosario"]
[Date "2003.11.25"]
[Round "7"]
[White "Sanfilippo, Dante"]
[Black "Evans, Pablo"]
[Result "0-1"]
[WhiteElo "2079"]
[BlackElo "2093"]
[PlyCount "106"]
[EventDate "2003.11.11"]
[EventType "swiss"]
[EventRounds "7"]
[EventCountry "ARG"]
[SourceTitle "EXT 2005"]
[Source "ChessBase"]
[SourceDate "2004.11.15"]
[SourceVersion "1"]
[SourceVersionDate "2004.11.15"]
[SourceQuality "1"]

1. e4 b6 2. d4 Bb7 3. Nc3 e6 4. Nf3 Bb4 5. Bd3 Nf6 6. Bg5 h6 7. Bxf6 Qxf6 8. 0-0 Bxc3 9. bxc3 d6 10. Nd2 g5 11. Nc4 Nd7 12. a4 a5 13. Qe2 h5 14. Rab1 Qh6 15. Ne3 Nf6 16. Bb5+ Kf8 17. f3 g4 18. d5 Bc8 19. Bc6 Ra7 20. Qf2 Rh7 21. dxe6 Bxe6 22. f4 h4 23. f5 g3 24. hxg3 hxg3 25. Qxg3 Bd7 26. Bd5 Rg7 27. Qf4 Qxf4 28. Rxf4 Bxa4 29. Bxf7 Rxf7 30. e5 Bxc2 31. Nxc2 dxe5 32. Rh4 Nd5 33. c4 Nc3 34. Rb3 Ne2+ 35. Kf2 Nd4 36. Nxd4 exd4 37. g4 a4 38. Rb1 a3 39. Kf3 Ra4 40. Rc1 Re7 41. g5 a2 42. Rch1 Re3+ 43. Kf4 a1Q 44. Rh8+ Ke7 45. f6+ Kd6 46. Rd8+ Kc6 47. Rxa1 Rxa1 48. Rxd4 Ree1 49. Kf5 Ra5+ 50. Kg6 Rg1 51. Rd5 Rxd5 52. cxd5+ Kd6 53. f7 Ke7 0-1

[Event "Rosario op"]
[Site "Rosario"]
[Date "2001.11.10"]
[Round "9"]
[White "Evans, Pablo"]
[Black "Serafino, Dario"]
[Result "0-1"]
[WhiteElo "2093"]
[BlackElo "2327"]
[PlyCount "54"]
[EventDate "2001.10.13"]
[EventType "swiss"]
[EventRounds "9"]
[EventCountry "ARG"]
[SourceTitle "EXT 2003"]
[Source "ChessBase"]
[SourceDate "2002.11.25"]
[SourceVersion "1"]
[SourceVersionDate "2002.11.25"]
[SourceQuality "1"]

1. e4 c5 2. Nf3 d6 3. d4 cxd4 4. Nxd4 Nf6 5. Nc3 a6 6. Be3 e6 7. f3 b5 8. Qd2 Bb7 9. g4 Nbd7 10. a3 Nb6 11. 0-0-0 Nfd7 12. Qf2 Rc8 13. h4 Rxc3 14. bxc3 Qc7 15. Bxb5 axb5 16. Nxb5 Qc6 17. Na7 Qxc3 18. Bxb6 Qxa3+ 19. Kd2 Qb4+ 20. c3 Qb2+ 21. Ke1 Qxc3+ 22. Rd2 d5 23. Nb5 Qc1+ 24. Ke2 Qc4+ 25. Kd1 Qxb5 26. Rb2 Qd3+ 27. Ke1 Ba3 0-1

[Event "Rosario op"]
[Site "Rosario"]
[Date "2001.10.23"]
[Round "4"]
[White "Aguerreberry, Claudio"]
[Black "Evans, Pablo"]
[Result "1/2-1/2"]
[WhiteElo "2303"]
[BlackElo "2093"]
[PlyCount "75"]
[EventDate "2001.10.13"]
[EventType "swiss"]
[EventRounds "9"]
[EventCountry "ARG"]
[SourceTitle "EXT 2003"]
[Source "ChessBase"]
[SourceDate "2002.11.25"]
[SourceVersion "1"]
[SourceVersionDate "2002.11.25"]
[SourceQuality "1"]

1. c4 c6 2. Nc3 e6 3. Nf3 d5 4. e3 Nf6 5. b3 Nbd7 6. Bb2 Bb4 7. a3 Bd6 8. Be2 0-0 9. d3 e5 10. 0-0 Re8 11. cxd5 cxd5 12. Rc1 a6 13. b4 b5 14. Qb3 Nb6 15. a4 Be6 16. d4 e4 17. Nd2 bxa4 18. Nxa4 Nxa4 19. Qxa4 Qb8 20. g3 Qxb4 21. Qxb4 Bxb4 22. Bc3 Reb8 23. Nb3 a5 24. Bxb4 Rxb4 25. Rc3 a4 26. Ra1 Rab8 27. Nc1 g6 28. Bd1 Bd7 29. Rca3 Kg7 30. Kg2 Rb1 31. Ne2 Bg4 32. Nc3 Rxa1 33. Rxa1 Bxd1 34. Nxd1 Ra8 35. Nc3 a3 36. Ra2 Kf8 37. Nb5 Ke7 38. Rxa3 1/2-1/2

[Event "Rosario Bandera op"]
[Site "Rosario"]
[Date "2001.06.16"]
[Round "2"]
[White "Evans, Pablo"]
[Black "Hoffman, Alejandro"]
[Result "0-1"]
[WhiteElo "2098"]
[BlackElo "2453"]
[PlyCount "72"]
[EventDate "2001.06.16"]
[EventType "swiss"]
[EventRounds "7"]
[EventCountry "ARG"]
[SourceTitle "EXT 2002"]
[Source "ChessBase"]
[SourceDate "2001.11.25"]
[SourceVersion "1"]
[SourceVersionDate "2001.11.25"]
[SourceQuality "1"]

1. e4 c5 2. Nf3 g6 3. d4 Bg7 4. Nc3 cxd4 5. Nxd4 Nc6 6. Be3 Nf6 7. Bc4 Qa5 8. f3 Qb4 9. Nxc6 bxc6 10. Bb3 0-0 11. Qd2 d6 12. Bh6 Bxh6 13. Qxh6 a5 14. 0-0-0 Bd7 15. Rde1 Rfb8 16. a3 Qb7 17. Nd1 Ra6 18. h4 Rb6 19. h5 Rxb3 20. cxb3 Qxb3 21. hxg6 fxg6 22. Qe3 Qa2 23. Qd3 Be6 24. Qb1 Qb3 25. Qc2 Qb6 26. Qc3 Qa6 27. Rhg1 Nd7 28. f4 Nc5 29. Kb1 Rb3 30. Qd2 Qb6 31. f5 Nxe4 32. Rxe4 Bxf5 33. Rge1 d5 34. Ka1 dxe4 35. Nc3 e3 36. Rxe3 Rxb2 0-1